[Event "IIFL Wealth 4th Mumbai GM"]
[Site "Mumbai"]
[Date "2019.01.01"]
[Round "3"]
[White "Rozum, Ivan"]
[Black "Saksham Rautela"]
[Result "1-0"]
[WhiteElo "2589"]
[BlackElo "2123"]
[Annotator "TA"]
[PlyCount "37"]
[EventDate "2018.12.30"]
[EventType "swiss"]
[EventCountry "IND"]
[SourceTitle "playchess.com"]
[Source "ChessBase"]
[SourceQuality "1"]

{[%evp 9,37,-2,70,63,56,58,156,167,165,167,253,254,268,220,281,255,289,251,285,261,282,269,386,382,406,389,416,403,459,454]} 1. c4 Nf6 2. Nc3 e5 3. Nf3 Nc6 4. e3 Bb4 5. Qc2 Qe7 (5... d6 $11) (5... Bxc3 6. Qxc3 Qe7 7. d4 Ne4 8. Qd3 exd4 9. Nxd4 O-O 10. Be2 Qb4+ 11. Kf1 Qe7 12. f3 f5 13. Qd1 Nc5 14. Kf2 d6 {½-½ (23) Caruana,F (2827)-Ding,L (2804) Batumi 2018}) 6. Nd5 $14 {A28: English Opening: Four Knights Variation} Nxd5 7. cxd5 {Black must now prevent a3.} Nb8 $146 (7... e4 $14) ({Predecessor:} 7... e4 8. Ng1 Nd8 9. Ne2 O-O 10. Ng3 f5 11. Bc4 Qh4 12. b3 a6 {1-0 (34) Harutyunian,T (2500)-Mosadeghpour,M (2531) Poti 2018}) 8. Qxc7 $16 {[%mdl 64] [#] Double Attack. White is clearly better.} O-O 9. Qxe5 ({But not} 9. Nxe5 $2 Bd6 $19) 9... Qd8 (9... Qxe5 $142 10. Nxe5 Na6) 10. Bd3 $18 {[%cal Bf1d3,Bd3c2,Bc2a4,Ba4b5][%mdl 32]} Be7 11. O-O Bf6 12. Qd6 Na6 13. e4 b6 14. Bc2 Bb7 15. d4 Rc8 (15... Be7 $142 16. Qg3 Qc7) 16. Ba4 Rc4 17. Bb5 Rc2 18. Qxd7 Qb8 {White should prevent ...Bc8.} 19. Qg4 {Accuracy: White = 50%, Black = 31%.} 1-0

[Event "IIFL Wealth 4th Mumbai GM"]
[Site "Mumbai"]
[Date "2019.01.01"]
[Round "3"]
[White "Chanda, Sandipan"]
[Black "Sammed Jaykumar, Shete"]
[Result "1-0"]
[WhiteElo "2555"]
[BlackElo "2378"]
[Annotator "TA"]
[PlyCount "137"]
[EventDate "2018.12.30"]
[EventType "swiss"]
[EventCountry "IND"]
[SourceTitle "playchess.com"]
[Source "ChessBase"]
[SourceQuality "1"]

{[%evp 23,137,-6,-5,-9,-2,-30,0,-13,-22,-42,-45,-59,0,-42,-43,-41,-39,-41,-39,-41,-11,-42,-38,-35,-34,-43,0,-43,0,-30,0,7,24,8,23,11,28,0,40,16,122,83,158,128,147,90,90,90,90,84,76,82,82,43,99,137,123,124,96,-17,-26,-47,0,0,53,30,33,31,27,34,33,16,8,16,63,64,68,68,77,61,645,655,808,806,835,828,816,802,734,599,518,336,335,111,106,106,105,78,229,221,717,696,644,644,1373,622,560,560,385,384,1575,1575,1561,1561,1561,1471]} 1. d4 Nf6 2. c4 g6 3. Nc3 d5 4. cxd5 Nxd5 5. g3 Bg7 6. Bg2 Nxc3 7. bxc3 c5 8. e3 O-O 9. Ne2 Nc6 10. O-O Qa5 11. Bd2 {D71: Fianchetto Grünfeld: 3 g3 d5 sidelines and 5 cxd5 (without Nf3)} Rd8 12. Nc1 (12. Rc1 Qxa2 13. Ra1 Qb2 14. Rb1 Qa2 15. Rb5 cxd4 16. cxd4 {1-0 (44) Jobava,B (2698)-Van Kampen,R (2643) Germany 2017}) 12... Qc7 {LiveBook: 4 Games} 13. Nb3 {The position is equal.} c4 14. Nc1 Rb8 15. Ne2 $146 ({Predecessor:} 15. e4 b5 16. Qc2 Bg4 17. Be3 b4 18. e5 bxc3 19. Qxc3 {½-½ (46) Panman,H-Luesse,B ICCF corr 1990}) 15... b5 16. Qc2 a5 17. Rfc1 Ba6 (17... e5 $15) 18. a3 a4 19. f4 Na5 {White must now prevent ...Nb3.} 20. Rf1 Nb3 21. Ra2 e6 22. e4 f5 23. Be3 Bb7 24. g4 Qf7 25. h3 Re8 26. Ng3 Rbd8 27. Qe2 Qc7 28. h4 Qa5 (28... Bf6 $5 {[%cal Rf6h4]}) 29. Qc2 Rd7 30. h5 Qd8 31. gxf5 exf5 (31... gxf5 $11 {keeps the balance.} 32. exf5 exf5 33. Nxf5 Bc8) 32. e5 $16 Qa8 ({Black should play} 32... Bf8) 33. Bxb7 Qxb7 {[#]} 34. Qg2 (34. hxg6 $142 $1 hxg6 35. Qh2) 34... Qxg2+ 35. Kxg2 Bf8 36. Rh1 Kf7 37. Kf3 Ke6 38. Bf2 Rdd8 (38... Be7 $14) 39. Nf1 Nc1 40. Ra1 Nb3 {[#]} 41. Ne3 ({White should try} 41. Rd1 $1 $16) 41... Nxa1 $11 42. Rxa1 Kf7 43. Bh4 Rd7 (43... Ra8 $11) 44. d5 Bc5 $1 45. e6+ {[#]} Rxe6 $1 {[%mdl 512]} 46. dxe6+ Kxe6 47. Rb1 Rd3 {[%mdl 64] Double Attack} 48. Bf2 Bxa3 49. Rxb5 Bc1 50. Rb6+ Kd7 $1 51. h6 {[%cal Bh5h6,Bh6h7][%mdl 32] Hoping for Rb7+.} Rxc3 $2 {[%mdl 8192]} (51... Kc7 $14 52. Rb4 a3) 52. Rb7+ $18 Kc6 53. Rxh7 a3 54. Ra7 Rb3 55. h7 Bb2 56. Ke2 Kb5 57. Nc2 Rh3 58. Nxa3+ $2 (58. Rc7 $18 {is more deadly.}) 58... Bxa3 $16 {[#]} 59. Rxa3 $1 {[%mdl 512]} Rxh7 $18 {[%mdl 4096] Endgame KRB-KR} (59... Rxa3 60. h8=Q) 60. Rg3 Re7+ $2 (60... Rh2 $16) 61. Kd2 Kb4 $2 (61... Re4 62. Be3 (62. Rxg6 c3+ 63. Kxc3 Rxf4 $14) 62... Re6) 62. Rxg6 Rd7+ 63. Kc2 Re7 {...Re2+ is the strong threat.} 64. Bd4 (64. Rb6+ $142 Ka5 65. Rb2) 64... Re2+ 65. Kd1 Re4 66. Be5 c3 $2 (66... Re3 67. Rb6+ Kc5) 67. Rg3 {White is clearly winning.} Rc4 68. Kc2 Re4 69. Rxc3 {Accuracy: White = 50%, Black = 32%.} 1-0

[Event "IIFL Wealth 4th Mumbai GM"]
[Site "Mumbai"]
[Date "2019.01.01"]
[Round "3"]
[White "Deepan Chakkravarthy J."]
[Black "Wagh Suyog"]
[Result "1-0"]
[WhiteElo "2550"]
[BlackElo "2240"]
[Annotator "TA"]
[PlyCount "81"]
[EventDate "2018.12.30"]
[EventType "swiss"]
[EventCountry "IND"]
[SourceTitle "playchess.com"]
[Source "ChessBase"]
[SourceQuality "1"]

{[%evp 19,81,6,13,6,5,0,0,-6,0,0,10,8,9,-6,9,9,16,14,16,9,15,0,17,16,18,10,54,2,41,44,52,45,81,71,125,123,125,90,100,114,78,89,135,94,95,83,256,246,231,237,431,436,546,526,1366,1331,4970,4927,1960,1648,6275,5804,29996,29997]} 1. g3 d5 2. Bg2 c6 3. Nf3 Bg4 4. c4 e6 5. cxd5 Bxf3 6. Bxf3 cxd5 7. O-O Nc6 8. d4 Nf6 9. Nc3 Bd6 {A11: English Opening: 1...c6} 10. e3 O-O {LiveBook: 3 Games} 11. Bd2 Rc8 {The position is equal.} 12. Qa4 $146 ({Predecessor:} 12. Rc1 a6 13. Bg2 b5 14. Ne2 Qb6 15. Nf4 Bxf4 16. gxf4 {½-½ (49) Malakhov,V (2694)-Postny,E (2658) Berlin 2015}) 12... Nd7 13. Rfb1 Nb6 14. Qd1 Nc4 15. Be1 Qe7 16. Qe2 Rfd8 17. Rd1 Bb4 18. Bg2 Nd6 19. Rac1 Ba5 20. f3 Nf5 21. Bf2 Bc7 22. Rd2 Bb8 23. Rcd1 ({White should play} 23. e4 $14 dxe4 24. Qxe4) 23... Qf6 24. e4 dxe4 25. Nxe4 Qh6 26. f4 Nfe7 ({Black should try} 26... Nce7) 27. Nc3 $16 a6 28. d5 exd5 29. Nxd5 Nxd5 30. Bxd5 Re8 31. Qg4 {Hoping for Qd7.} Qf6 32. Qd7 Ba7 $2 (32... Bc7 $16) 33. Bxa7 $18 ({Don't do} 33. Qxb7 $6 Bxf2+ 34. Rxf2 (34. Kxf2 Ne7 $16) 34... Ne7 $16) 33... Nxa7 34. Bxb7 $40 {[%mdl 128] White has strong attack.} ({Resist} 34. Qxb7 $6 Nb5) 34... Rb8 $2 (34... Qb6+ 35. Kg2 Rb8) 35. Rd6 Qxb2 36. Bd5 {[%mdl 64] Discovered Attack} Qe2 37. Bxf7+ {[%cal Bd5f7,Bf7e8,Be8h5][%mdl 96] Double Attack} Kf8 38. Bxe8 {[%csl Ge8][%cal Rd7f7]} Qe3+ {[#]} 39. Kg2 $1 {[%csl Ge8][%cal Rd7f7]} Qe2+ {[#]} 40. Kh3 $1 {[%csl Ge8][%cal Rd7f7]} Qh5+ 41. Bxh5 {Accuracy: White = 53%, Black = 25%.} 1-0

[Event "IIFL Wealth 4th Mumbai GM"]
[Site "Mumbai"]
[Date "2019.01.01"]
[Round "3"]
[White "Puranik, Abhimanyu"]
[Black "Mahalakshmi D M"]
[Result "1/2-1/2"]
[WhiteElo "2544"]
[BlackElo "1145"]
[Annotator "TA"]
[PlyCount "96"]
[EventDate "2018.12.30"]
[EventType "swiss"]
[EventCountry "IND"]
[SourceTitle "playchess.com"]
[Source "ChessBase"]
[SourceQuality "1"]

{[%evp 14,96,-1,0,0,0,10,8,6,0,5,-11,3,-27,-35,-26,-26,-30,-25,-34,-43,-83,-31,-45,-16,-12,-21,-28,0,0,52,52,48,40,46,26,56,-12,-21,-18,69,84,94,91,101,96,90,85,97,14,100,89,89,77,61,13,4,-25,-25,-25,-25,-25,-34,-120,-125,-100,-108,-126,-131,-123,-91,-91,-76,-83,-75,-80,-46,-16,-14,-46,-8,-22,-3,-12,-9]} 1. e4 c6 2. Nf3 d5 3. Nc3 dxe4 4. Nxe4 Nf6 5. Nxf6+ exf6 6. d4 Bd6 7. h3 {B15: Caro-Kann: 3 Nc3: 3...g6 and 3...dxe4 4 Nxe4 Nf6 5 Nxf6+ exf6} (7. Be2 O-O 8. O-O Re8 9. c4 Nd7 10. Bd3 Nf8 11. h3 Ng6 12. Qc2 Qa5 13. c5 Bb8 14. Bd2 Qd8 15. Rfe1 Be6 16. Bc4 Nf8 {0-1 (47) Nepomniachtchi,I (2767)-Carlsen,M (2840) Doha 2016}) 7... O-O 8. Be2 {LiveBook: 11 Games} Na6 9. O-O Nc7 10. c4 Bf5 11. Be3 $146 ({Predecessor:} 11. Re1 Re8 12. Be3 Qd7 13. Qd2 Bxh3 14. c5 Qg4 15. Nh4 Qxh4 16. cxd6 {½-½ (24) Gruenter,M (2220)-Holzapfel,D (2290) Germany 2012}) 11... Re8 12. Qd2 Qd7 13. Rfd1 Rad8 14. Rac1 Be4 15. Qa5 b6 16. Qc3 Ne6 17. g3 Nf8 (17... c5 $17 {Threatens to win with ...cxd4.} 18. d5 Nf4 $1 {[%mdl 512]} 19. Bxf4 Bxf4 20. gxf4 Qxh3) 18. Kh2 Ng6 19. Nd2 Bf5 20. c5 bxc5 21. Nc4 Bc7 (21... Qe6 $11) 22. dxc5 $14 Qe6 23. Nd6 Bxd6 24. cxd6 Ne5 25. g4 ({Better is} 25. Bxa7 $14 Rxd6 26. Rxd6 Qxd6 27. Bd4) 25... Be4 $11 26. f4 Bf3 ({Much weaker is} 26... Nf3+ $6 27. Kg3 $16) (26... Nd7 $11) 27. f5 $14 Qd7 28. Bxf3 Nxf3+ 29. Kg3 Ne5 30. Bf4 Qb7 31. b4 (31. Rd2 $16) 31... Qa6 (31... g5 $11 32. fxg6 hxg6) 32. Rd2 $16 g5 {[#]} 33. fxg6 $1 hxg6 34. g5 Nd7 35. Qxc6 Qxc6 36. Rxc6 fxg5 $1 37. Bxg5 f6 38. Bh6 {[#]} (38. Bxf6 $1 $15 Nxf6 39. d7 Ne4+ 40. Kf4 g5+ 41. Kf5 (41. Ke3 $2 Re7 $19) 41... Nxd2 42. dxe8=N Rxe8 43. Rc7) 38... Kh7 $1 $17 {[%mdl 1024] Black has strong compensation.} 39. Bf4 {h4 is the strong threat.} g5 40. Rc7 a6 41. Ra7 Re4 42. Rf2 gxf4+ 43. Rxf4 Re6 44. Rxa6 Ne5 45. Rd4 Nf7 46. Ra7 Kg8 47. d7 Nd6 48. Rd3 Kf7 {Accuracy: White = 57%, Black = 51%.} 1/2-1/2

[Event "IIFL Wealth 4th Mumbai GM"]
[Site "Mumbai"]
[Date "2019.01.01"]
[Round "3"]
[White "Mosadeghpour, Masoud"]
[Black "Anuj Shrivatri"]
[Result "1/2-1/2"]
[WhiteElo "2520"]
[BlackElo "2357"]
[Annotator "TA"]
[PlyCount "150"]
[EventDate "2018.12.30"]
[EventType "swiss"]
[EventCountry "IND"]
[SourceTitle "playchess.com"]
[Source "ChessBase"]
[SourceQuality "1"]

{[%evp 25,150,15,26,0,0,0,6,0,10,0,17,14,8,-12,-16,-8,-14,-14,-20,-17,0,0,0,0,10,0,60,49,46,52,60,54,55,56,71,39,73,73,73,69,62,70,65,54,82,55,62,52,159,158,145,141,164,158,139,79,60,26,26,21,31,22,31,0,9,8,22,18,27,-8,14,0,0,0,6,0,0,-26,-22,-376,-358,-316,-14,-141,-141,-1021,-991,-966,-912,-843,-170,-170,-18,-16,0,0,0,0,0,0,0,0,0,0,0,0,0,0,0,0,0,0,0,0,0,0,0,0,0,0,0,0,0,0,0,0,0]} 1. e4 e5 2. Nf3 Nc6 3. Bb5 a6 4. Ba4 Nf6 5. O-O Be7 6. Re1 b5 7. Bb3 O-O 8. a4 b4 9. a5 d6 10. d3 Be6 11. Nbd2 Rb8 12. Nc4 {C88: Closed Ruy Lopez: Anti-Marshall Systems} (12. Bxe6 fxe6 13. Nb3 Qc8 14. Qe2 Nd8 15. d4 exd4 16. Nbxd4 c5 17. Nb3 e5 18. Nbd2 Ne6 19. Nc4 Nd4 20. Nxd4 cxd4 {½-½ (43) Caruana,F (2807)-Carlsen,M (2822) Saint Louis 2017}) 12... h6 13. Be3 Qc8 {LiveBook: 4 Games} 14. Qe2 {[#] White has an edge.} Rd8 $146 ({Predecessor:} 14... Nd8 15. Nfd2 Ng4 16. h3 Nxe3 17. Nxe3 Nc6 18. Nd5 Bd8 19. Nf3 Qb7 {½-½ (45) Landa,K (2597)-Jakovenko,D (2662) Moscow 2006}) 15. Rec1 Qb7 16. h3 Bf8 17. Qf1 Re8 18. Re1 (18. Nfd2 {looks sharper.} d5 19. exd5 Nxd5 20. Ba4 f6 21. Qd1) 18... g6 19. Ncd2 (19. Nfd2 {seems wilder.} Bg7 20. Ba4 Nh5 21. c3 f5 22. d4) 19... Bxb3 20. Nxb3 Bg7 21. Nfd2 Nh5 22. Qe2 Qc8 23. Nc4 Rf8 24. Qd2 Kh7 25. d4 f5 (25... exd4 $11 26. Nxd4 Qb7) 26. exf5 $1 $14 gxf5 27. dxe5 Nxe5 28. Nxe5 dxe5 29. Rad1 Nf6 30. Ba7 Rb5 31. Bc5 Re8 32. Bxb4 Ne4 33. Rxe4 $1 fxe4 34. Bc3 Qf5 35. Qe3 Bf8 36. Re1 Bb4 {[#]} (36... Bd6 $14) 37. Bxb4 $1 $16 Rxb4 38. Qc3 Rbb8 39. Qxc7+ Kh8 40. Qc6 ({White should play} 40. Nc5) 40... Re6 41. Qxe4 (41. Qc3 {is interesting.} Rf6 42. Re2 Rg6 43. Nc5 Qg5 44. g3) 41... Qxe4 42. Rxe4 $14 {[%mdl 4096] Endgame Black should prevent Nc5. KRR-KRN} Rc6 43. Re2 Kg7 44. Kf1 Rbc8 45. c3 Rb8 46. Nc1 Rb5 47. Nd3 Kf6 48. Re3 Rxa5 49. Ke2 Rb5 50. g4 Rc4 {Black wants to play ...e4.} 51. Kf3 (51. f3 {keeps more tension.} a5 52. Kd2 a4 53. Re1 Rd5 54. h4) 51... a5 {[%cal Ba6a5,Ba5a4][%mdl 32]} 52. Re4 $2 {[%mdl 8192]} (52. Re2 $11 {and White stays safe.}) 52... Rxe4 $19 53. Kxe4 {[#] KR-KN} Rb3 $2 (53... a4 $1 $19 54. Nb4 Kg5) 54. Kd5 (54. f3 $1 $11 {keeps the balance.}) 54... a4 $17 {Strongly threatening ...Rxb2!} 55. Kc4 $2 {[%mdl 8192]} (55. Nc5 $17 Rxb2 56. Nxa4 Rd2+ 57. Ke4) 55... e4 $19 56. Nc5 Rxb2 57. Nxa4 Rxf2 $2 (57... Rd2 58. h4 Ke5) 58. Kd4 Kg5 $2 (58... Rf3 $19 {Hoping for ...e3.} 59. Kxe4 Rxh3) 59. Nc5 $11 {The position is equal.} Kh4 60. Nxe4 Rf8 61. g5 h5 62. Ke5 Kxh3 {Threatens to win with ...Kg4.} 63. g6 h4 64. g7 Ra8 (64... Rg8 $5 65. Kf6 $8 Kg2 $11) 65. Kf5 Kg2 66. Ng5 h3 {[#]} 67. Nxh3 $1 {[%mdl 512]} Kxh3 {KR-KPP} 68. c4 Kh4 69. Kg6 Ra6+ 70. Kh7 Ra7 71. Kg6 Ra6+ 72. Kh7 Ra7 73. Kh8 Ra8+ 74. g8=Q Rxg8+ 75. Kxg8 Kg5 {Accuracy: White = 55%, Black = 53%.} 1/2-1/2

[Event "IIFL Wealth 4th Mumbai GM"]
[Site "Mumbai"]
[Date "2019.01.01"]
[Round "3"]
[White "Saptarshi, Roy"]
[Black "Siva Mahadevan"]
[Result "1-0"]
[WhiteElo "2494"]
[BlackElo "2333"]
[Annotator "TA"]
[PlyCount "81"]
[EventDate "2018.12.30"]
[EventType "swiss"]
[EventCountry "IND"]
[SourceTitle "playchess.com"]
[Source "ChessBase"]
[SourceQuality "1"]

{[%evp 16,81,0,0,0,-12,-2,-17,0,-20,-11,-26,4,0,0,10,9,0,0,0,0,0,73,51,145,146,138,138,154,153,372,348,312,132,492,353,684,699,699,699,693,685,650,630,1109,1089,977,596,604,599,584,592,795,866,875,879,878,878,861,833,863,651,2510,2456,3128,2725,2846,2746]} 1. e4 c5 2. Nf3 d6 3. Bc4 Nf6 4. d3 Nc6 5. h3 (5. O-O Bg4 6. h3 Bxf3 7. Qxf3 g6 8. Nc3 Bg7 9. Qd1 O-O 10. a3 a6 11. Ba2 b5 12. Bg5 e6 13. Qd2 {½-½ (67) Kramnik,V (2779)-Xiong,J (2656) Douglas 2018}) 5... e6 6. Bb3 {B50: Sicilian: 2...d6, Miscellaneous} Be7 7. O-O O-O 8. c3 b5 9. Re1 {LiveBook: 4 Games} Bb7 10. Nbd2 Rc8 11. Nf1 $146 ({Predecessor:} 11. Bc2 Nd7 12. Nf1 b4 {0-1 (63) Ding,Y (2315)-Ju,W (2500) China 2010}) 11... Qb6 12. Ng3 Rfd8 13. Be3 d5 {Threatens to win with ...dxe4.} 14. e5 Nd7 15. d4 b4 16. Bc2 bxc3 17. bxc3 cxd4 18. cxd4 Nb4 (18... Nf8 $11 {remains equal.}) 19. Bb1 (19. Bxh7+ $5 Kxh7 20. Rb1 $11) 19... Qc6 (19... Nc6 $14) 20. Bg5 $1 $16 {[%cal Rg5e7]} Re8 21. Bxe7 $1 Rxe7 {[#]} 22. Qd2 $1 {Strongly threatening Nh5.} Qc3 $2 (22... Qb6 $16) 23. Qg5 $18 f6 {[#]} 24. Qh4 $3 $40 {[%mdl 640] White goes for the king.} g5 $2 {[%mdl 8192]} (24... Nc2 $16 {is tougher.}) 25. Qg4 {aiming for exf6.} fxe5 $2 {[#]} (25... Nc2) 26. Bxh7+ $1 {[%mdl 512] White is clearly winning.} Kxh7 (26... Rxh7 27. Nxg5) 27. Nxg5+ {[%mdl 64] Double Attack} Kh8 28. Qh5+ Kg8 29. Qg6+ {[%mdl 64] Double Attack} Rg7 30. Qxe6+ Kf8 31. Qf5+ Ke8 32. Nh5 Re7 33. Ne6 {Hoping for Qg6+.} Qd3 34. Nhg7+ Rxg7 35. Nxg7+ Kd8 36. Qf7 {[%cal Rg7e6]} Rc6 37. Rab1 a5 38. a3 Qxa3 39. dxe5 {[%cal Bd4e5,Be5e6,Be6e7][%mdl 32]} Nc5 40. e6 Kc8 41. e7 {Accuracy: White = 63%, Black = 22%.} 1-0

[Event "IIFL Wealth 4th Mumbai GM"]
[Site "Mumbai"]
[Date "2019.01.01"]
[Round "3"]
[White "Gajek, Radoslaw"]
[Black "Kurbonboeva, Sarvinoz"]
[Result "1/2-1/2"]
[WhiteElo "2475"]
[BlackElo "2214"]
[Annotator "TA"]
[PlyCount "87"]
[EventDate "2018.12.30"]
[EventType "swiss"]
[EventCountry "IND"]
[SourceTitle "playchess.com"]
[Source "ChessBase"]
[SourceQuality "1"]

{[%evp 9,87,20,24,0,0,-21,-20,-25,-14,-22,-26,-28,-31,-24,-30,-35,-34,-42,-21,-38,-36,-40,-24,-22,113,-27,46,46,45,49,28,25,23,36,54,38,69,0,0,0,0,0,0,0,0,-11,-4,-4,0,-3,0,-4,0,0,0,0,0,0,0,0,0,0,0,-8,0,0,0,0,0,0,0,0,0,0,0,0,0,0,0,0]} 1. c4 c6 2. Nf3 d5 3. g3 dxc4 4. Bg2 Bf5 5. O-O e6 {LiveBook: 11 Games} 6. b3 {A11: English Opening: 1...c6} cxb3 $1 7. axb3 $146 ({Predecessor:} 7. Qxb3 Qb6 8. d3 Nd7 9. Nbd2 Ngf6 10. Nc4 Qxb3 11. axb3 Bb4 12. Ba3 Bxa3 13. Rxa3 {0-1 (74) Fressinet,L (2702)-Vitiugov,N (2725) Berlin 2015}) 7... Nf6 8. Na3 Be7 9. Nc4 O-O 10. d3 Nbd7 11. Na5 Bb4 12. Bd2 Bxd2 13. Qxd2 Qc7 14. Rfc1 e5 15. Qb4 Nb6 16. Nd2 {[%cal Ra5c6]} Rfd8 {[#]} (16... Be6 $11) 17. Qc5 (17. Nxc6 $1 $16 {[%mdl 512]} bxc6 18. Rxc6) 17... Bg4 (17... Nbd7 $11 18. Qb4 Rdb8) 18. Nxb7 $1 $14 Qxb7 19. Bxc6 Qc8 20. Bxa8 Qxa8 21. f3 Bh3 22. Nc4 Nfd7 23. Nxb6 (23. Qc7 $14 Nd5 24. Qxa7) 23... Nxc5 $11 {The position is equal.} 24. Nxa8 Nxb3 {[%mdl 64] Double Attack} 25. Nc7 Nxc1 26. Rxc1 {[%mdl 4096] Endgame KRB-KRN} Rc8 27. Rc4 Bd7 28. Kf2 a5 29. Ke3 Kf8 30. Kd2 Ke7 31. Nd5+ Ke6 32. Nb6 Rc6 33. Rxc6+ $1 Bxc6 {KB-KN} 34. Nc4 a4 35. Kc3 f5 {[%cal Bf7f5,Bf5f4][%mdl 32]} 36. e4 g5 37. Kb4 f4 {...fxg3 is the strong threat.} 38. g4 $1 Be8 39. h3 h5 40. Nb6 hxg4 41. hxg4 Kd6 $1 42. Nc4+ ({Avoid the trap} 42. Nxa4 $2 Bxa4 43. Kxa4 Kc5 $19) 42... Ke6 43. Nb2 Kd6 $1 44. Nc4+ {Accuracy: White = 66%, Black = 69%.} ({Don't blunder} 44. Nxa4 $2 Bxa4 45. Kxa4 Kc5 $19) 1/2-1/2

[Event "IIFL Wealth 4th Mumbai GM"]
[Site "Mumbai"]
[Date "2019.01.01"]
[Round "3"]
[White "Gukesh D"]
[Black "Senthil Maran K"]
[Result "1-0"]
[WhiteElo "2466"]
[BlackElo "2197"]
[Annotator "TA"]
[PlyCount "77"]
[EventDate "2018.12.30"]
[EventType "swiss"]
[EventCountry "IND"]
[SourceTitle "playchess.com"]
[Source "ChessBase"]
[SourceQuality "1"]

{[%evp 12,77,25,6,22,8,23,18,25,18,25,0,0,0,0,-22,-4,-96,-97,-97,-91,-87,-82,-97,-115,-154,-145,-200,-192,-191,-215,-256,-141,-150,-110,-125,-100,-139,0,-137,0,-4,0,0,0,-22,11,12,12,14,35,0,0,-22,96,54,176,12,623,602,1665,1668,29989,29988,29990,29991,29997,29998]} 1. Nf3 d5 2. g3 g6 3. Bg2 Bg7 4. d4 c6 5. O-O Nf6 {[%cal Bg8f6,Bf6e4,Be4c3][%mdl 32]} 6. Nbd2 {D02: 1 d4 d5 2 Nf3 sidelines, including 2...Nf6 3 g3 and 2...Nf6 3 Bf4} a5 7. c4 {LiveBook: 3 Games} a4 8. b3 $146 {The position is equal.} ({Predecessor:} 8. b4 axb3 9. Qxb3 O-O 10. a4 c5 11. cxd5 Nxd5 12. Bb2 cxd4 13. Nxd4 Bxd4 14. Bxd4 {½-½ (43) Karpov,A (2710)-Ivanchuk,V (2714) Monte Carlo 1999}) 8... Ne4 9. Ba3 Nc3 10. Qe1 Bf5 11. Nh4 Bxd4 12. Nxf5 gxf5 13. Nf3 Bf6 {next ...Ne4 is good for Black.} 14. Bb4 (14. Bb2 $11 d4 15. e3) 14... Ne4 $17 {Threatens to win with ...axb3.} 15. Rd1 axb3 16. axb3 c5 $36 {[%mdl 2048] Keeping White busy.} 17. Rxd5 {[%mdl 64] Double Attack} Qb6 18. Bd2 Ra1 19. Bc1 (19. Qxa1 $17 {is a better defense.} Bxa1 20. Rxa1 Nxd2 21. Rxd2) 19... e6 $1 $19 {[%cal Re6d5]} 20. Rd3 Nc6 21. g4 fxg4 ({Better is} 21... Nb4 $19 22. gxf5 Rg8) 22. Nd2 $17 Nc3 {Hoping for ...Rxc1!} 23. Ne4 Nxe4 24. Bxe4 Ke7 (24... Nd4 $17 {...Rxc1! is the strong threat.} 25. Qd2 h5) 25. Qd2 {[#]} (25. Bxc6 $1 $11 bxc6 26. Qd2) 25... Rd8 (25... Ne5 $1 $17 {[%cal Re5d3]} 26. Rg3 h5) 26. Rxd8 Qxd8 27. Qh6 $1 Qd4 28. Qxh7 Qc3 29. Be3 Rxf1+ 30. Kxf1 Bd4 31. Qh4+ Kd7 32. Bg5 b6 (32... Qxb3 $11 {keeps the balance.} 33. Bd3 Ne5) 33. Qxg4 Ne5 {[#]} ({Black should try} 33... Qxb3 $14 34. Kg2 Ne7) 34. Qh5 $2 (34. Qh4 $1 $18) 34... Qxb3 $2 {[%mdl 8192]} (34... Bxf2 $11 35. Kxf2 Qd4+ {[%mdl 64] Double Attack} 36. Kg3 Qxe4) 35. Qh8 $18 {[%csl Gg5][%cal Rh8d8]} Nc6 36. Qa8 {[%csl Ge4][%cal Ra8c6]} Qd1+ 37. Kg2 {[%csl Ge4][%cal Ra8c6] White mates.} f6 38. Qxc6+ Ke7 39. Qc7+ {Accuracy: White = 33%, Black = 31%.} 1-0